000 01083nam a22002537a 4500
005 20240305165626.0
007 cr|||| ||||
008 220211s2021 co |||||s|||| 00||0 spa d
020 _a978-958-784-690-4
035 _a35899
040 _avLex
090 _c12956
_d12956
100 1 _aRodríguez, Gloria Amparo
245 1 0 _aDebates actuales del derecho y la gestión ambiental
_h[Recurso electrónico] /
_cGloria Amparo Rodríguez, Lina Marcela Muñoz Ávila
256 _aServicio en línea
260 _aBogotá:
_bUniversidad del Rosario,
_c2021
300 _a1 recurso electrónico
506 1 _aDisponible solo en los productos indicados
_dvLex Global
_dvLex Global (Academic Edition, excluding Law Schools)
_dvLex Global (U.S. Academic Edition, Law Schools)
_dvLex Global (U.S. Academic Edition, excluding Law Schools)
_dvLex Global (Academic Edition, Law Schools)
650 0 4 _aMedio Ambiente
_zColombia
700 1 _aMuñoz Ávila, Lina Marcela
740 0 _avLex Libros (Servicio en línea)
856 4 0 _uhttps://app.vlex.com/#/sources/35899
942 _cRAA
999 _c171192
_d171192